000 00491nam a2200181Ia 4500
005 20250326125102.0
008 250326s9999 xx 000 0 und d
037 _aTextbook
040 _aFMSL
_beng
_cFMSL
041 _aeng
_2eng
084 _aX:9 M1
_qFMSL
100 _aDubrin A J
_9738479
245 0 _aPersonnel and human resource management
_cDubrin A J
260 _aNY
_bNY, D Van Nostrand
_c1981
300 _a566p
942 _cTB
_hX:9 M1
999 _c1276474
_d1276474